La expresión americana
Guardat en:
| Autor principal: | |
|---|---|
| Format: | Llibre |
| Idioma: | espanyol |
| Publicat: |
Ciudad de México
Fondo de Cultura Económica
1993
|
| Col·lecció: | Colección Tierra Firme
|
| Matèries: | |
| Etiquetes: |
Afegir etiqueta
Sense etiquetes, Sigues el primer a etiquetar aquest registre!
|
MARC
| LEADER | 00000nam a2200000 a 4500 | ||
|---|---|---|---|
| 001 | UCM9384 | ||
| 003 | CL-VaPUC | ||
| 005 | 20210619001807.0 | ||
| 008 | 030425e19930000MX |||||||||||||||||spa|d | ||
| 999 | |c 303655 |d 303653 | ||
| 040 | |c Pontificia Universidad Católica de Valparaíso | ||
| 082 | 0 | 4 | |a Cu864 |b LEZ |2 21 |
| 100 | |a Lezama Lima, José |e author |9 376982 | ||
| 245 | 1 | 3 | |a La expresión americana |
| 260 | |a Ciudad de México |b Fondo de Cultura Económica |c 1993 | ||
| 300 | |a 183 p | ||
| 490 | 0 | |a Colección Tierra Firme | |
| 583 | |a last modification |c 20030425 00:00:00 |k Rodrigo Vera | ||
| 650 | 7 | |a ENSAYOS CUBANOS |2 CL-VaPUC |9 315049 | |
| 650 | 0 | |a Literatura cubana |9 315048 | |
| 942 | |c BK |2 ddc | ||
| 945 | |d 20030425 00:00:00 |a vberengu | ||
| 952 | |0 0 |1 0 |4 0 |6 CU_864_000000000000000_LEZ_1993 |7 0 |8 A |9 365120 |a BIBHIS |b BIBHIS |d 2019-11-21 |i 3889416 |l 1 |o Cu864 LEZ 1993 |p 3889416 |r 2025-01-20 |s 2020-11-12 |w 2019-11-21 |y BK |k HIS | ||